=LDR 00000nam 2200000 4500 =001 INLIS000000000044748 =005 20131008110648 =008 ***********************************Ind** =035 ##$$0010-101300000002670 =041 ##$$a Ind =082 ##$$a 813 =090 ##$$a 813, Kur c =100 ##$$a Kurniawan, Eka =245 ##$$a Cantik Itu Luka, Eka Kurniawan =260 ##$$a 2006 $b Jakarta =300 ##$$a 539 Hlm., 21 Cm =850 ##$$a NNT-CD